African Countries by Picture - Statistics

General Stats
  • This quiz has been taken 44 times
  • The average score is 19 of 54
Answer Stats
Picture Answer % Correct
Mali
81%
Namibia
81%
Egypt
77%
Tanzania
77%
South Africa
73%
Zimbabwe
73%
Sudan
69%
Mauritius
62%
Senegal
62%
Zambia
62%
Chad
58%
Nigeria
54%
Botswana
50%
Morocco
50%
Lesotho
42%
Algeria
38%
Benin
38%
Cameroon
38%
Mozambique
38%
Seychelles
38%
Angola
35%
Eswatini
35%
Guinea
35%
Kenya
35%
Tunisia
35%
Comoros
31%
Eritrea
31%
Libya
31%
Mauritania
31%
Uganda
31%
Democratic Republic of the Congo
27%
Equatorial Guinea
27%
Niger
27%
Burundi
23%
Central African Republic
23%
Djibouti
23%
Ethiopia
23%
Sao Tome and Principe
23%
Somalia
23%
Burkina Faso
19%
Cabo Verde
19%
Cote d'Ivoire
19%
Ghana
19%
Liberia
19%
Rwanda
19%
Togo
19%
Gambia
15%
Guinea Bissau
15%
Sierra Leone
15%
South Sudan
15%
Gabon
12%
Mozambique
12%
Congo
8%
Western Sahara
8%
No matching quizzes found
Score Distribution
Percent of People with Each Score
Percentile by Number Answered
Your Score History
You have not taken this quiz